ARRUPE JESUIT UNIVERSITY

CORONAVIRUS -STOP THE SPREAD - CLEAN,DISINFECT,COVER

Is God a moral monster? : (Record no. 125114)

MARC details
000 -LEADER
fixed length control field 03000cam a2200325 a 4500
001 - CONTROL NUMBER
control field 16377278
003 - CONTROL NUMBER IDENTIFIER
control field ARRUPE
005 - DATE AND TIME OF LATEST TRANSACTION
control field 20160824104755.0
008 - FIXED-LENGTH DATA ELEMENTS--GENERAL INFORMATION
fixed length control field 100805s2011 miu b 000 0 eng
010 ## - LIBRARY OF CONGRESS CONTROL NUMBER
LC control number 2010033473
020 ## - INTERNATIONAL STANDARD BOOK NUMBER
International Standard Book Number 9780801072758 (pbk.)
020 ## - INTERNATIONAL STANDARD BOOK NUMBER
International Standard Book Number 0801072751 (pbk.)
035 ## - SYSTEM CONTROL NUMBER
System control number (OCoLC)ocn613427137
040 ## - CATALOGING SOURCE
Original cataloging agency DLC
Transcribing agency DLC
Modifying agency YDX
-- BTCTA
-- YDXCP
-- SGB
-- TLE
-- CDX
-- DLC
050 00 - LIBRARY OF CONGRESS CALL NUMBER
Classification number BS1199.E8
Item number C67 2011
082 00 - DEWEY DECIMAL CLASSIFICATION NUMBER
Classification number 239/.7
Edition number 22
300 ## - PHYSICAL DESCRIPTION
Dimensions 23 cm.
100 1# - MAIN ENTRY--PERSONAL NAME
Personal name Copan, Paul.
9 (RLIN) 25392
245 10 - TITLE STATEMENT
Title Is God a moral monster? :
Remainder of title making sense of the Old Testament God /
Statement of responsibility, etc Paul Copan.
260 ## - PUBLICATION, DISTRIBUTION, ETC. (IMPRINT)
Place of publication, distribution, etc Grand Rapids, Mich. :
Name of publisher, distributor, etc Baker Books,
Date of publication, distribution, etc c2011.
300 ## - PHYSICAL DESCRIPTION
Extent 252 p. ;
504 ## - BIBLIOGRAPHY, ETC. NOTE
Bibliography, etc Includes bibliographical references (p. 235-252).
505 0# - FORMATTED CONTENTS NOTE
Formatted contents note Who are the new atheists? -- The new atheists and the Old Testament God -- Great appetite for praise and sacrifices? Divine arrogance or humility? -- Monumental rage and kinglike jealousy? Understanding the covenant-making God -- Child abuse and bullying? God's ways and the binding of Isaac -- God's timeless wisdom? incremental steps for hardened hearts -- The Bible's ubiquitous weirdness? Kosher foods, kooky laws? (I) -- The Bible's ubiquitous weirdness? Kosher foods, kooky laws? (II) -- Barbarisms, crude laws, and other imaginary crimes? Punishments and other harsh realities in perspective -- Misogynistic? Women in Israel -- Bride-price? Polygamy, concubinage, and other such questions -- Warrant for trafficking in humans as farm equipment? (I) : slavery in Israel -- Warrant for trafficking in humans as farm equipment? (II) : challenging texts on slavery -- Warrant for trafficking in humans as farm equipment? (III) : slavery in the New Testament -- Indiscriminate massacre and ethnic cleansing? The killing of the Canaanites (I) -- Indiscriminate massacre and ethnic cleansing? The killing of the Canaanites (II) -- Indiscriminate massacre and ethnic cleansing? The killing of the Canaanites (III) -- The root of all evil? Does religion cause violence? -- Morality without a lawgiving God? The divine foundation of goodness -- We have moved beyond this God (haven't we?) : Jesus as the fulfiller of the Old Testament.
520 ## - SUMMARY, ETC.
Summary, etc Apologist Paul Copan takes on some of the most vexing accusations of our time, including that God is arrogant and jealous, punishes people too harshly, is guilty of ethnic cleansing, oppresses women, and endorses slavery. He also challenges the accusation that Christianity causes violence. Copan not only answers God's critics, he also shows how to read both the Old and New Testaments faithfully, seeing an unchanging, righteous, and loving God in both. --from publisher description
630 00 - SUBJECT ADDED ENTRY--UNIFORM TITLE
Uniform title Bible.
Name of part/section of a work Old Testament
General subdivision Theology.
9 (RLIN) 25393
650 #0 - SUBJECT ADDED ENTRY--TOPICAL TERM
Topical term or geographic name as entry element Ethics in the Bible.
9 (RLIN) 3619
650 #0 - SUBJECT ADDED ENTRY--TOPICAL TERM
Topical term or geographic name as entry element Apologetics.
9 (RLIN) 25394
906 ## - LOCAL DATA ELEMENT F, LDF (RLIN)
a 7
b cbc
c orignew
d 1
e ecip
f 20
g y-gencatlg
942 ## - ADDED ENTRY ELEMENTS (KOHA)
Source of classification or shelving scheme Library of Congress Classification
Koha item type Monograph ( Printed materials)
Holdings
Withdrawn status Lost status Source of classification or shelving scheme Damaged status Not for loan Collection code Home library Current library Shelving location Date acquired Total Checkouts Full call number Barcode Date last seen Date checked out Price effective from Koha item type
    Library of Congress Classification     Main Collection ARRUPE LIBRARY ARRUPE LIBRARY Main Collection 24/08/2016 1 BS1199.E8 C67 2011 46500010246 09/10/2020 27/01/2020 24/08/2016 Monograph ( Printed materials)

 

Arrupe Library. PO Box MP320 Mt Pleasant, Harare, Zimbabwe
263 242 745411|librarian@aju.ac.zw